书目信息 |
| 题名: |
管道柔性简化计算手册
|
|
| 作者: | 郑茂鼎 编著 | |
| 分册: | ||
| 出版信息: | 北京 化学工业出版社 2008.04 |
|
| 页数: | 205页 | |
| 开本: | 26cm | |
| 丛书名: | ||
| 单 册: | ||
| 中图分类: | U173 | |
| 科图分类: | ||
| 主题词: | 管道--计算--手册 | |
| 电子资源: | ||
| ISBN: | 978-7-122-01885-4 | |
| 000 | 00812nam0 2200229 450 | |
| 001 | 003810935 | |
| 005 | 20100806140706.53 | |
| 010 | @a978-7-122-01885-4@dCNY36.00 | |
| 090 | @aU17@bzmd | |
| 100 | @a20100515d2008 em y0chiy50 ea | |
| 101 | 0 | @achi |
| 102 | @aCN@b110000 | |
| 105 | @aa z 000yy | |
| 200 | 1 | @a管道柔性简化计算手册@Aguan dao rou xing jian hua ji suan shou ce@f郑茂鼎编著@Fzheng mao ding bian zhu |
| 210 | @a北京@c化学工业出版社@d2008.04 | |
| 215 | @a205页@c图@d26cm | |
| 330 | @a本手册介绍了管道工程设计中热胀位移(二次)应力的一种简化计算方法。将8种形式管道的力和应力的系数,编成大量的数表,读者通过简单公式即可计算管道的位移应力和端点的约束力。 | |
| 606 | 0 | @a管道@x计算@j手册 |
| 690 | @aU173@v4 | |
| 701 | 0 | @a郑茂鼎@Azheng mao ding@4编著 |
| 801 | @c20100515 | |
| 905 | @dU173@eZ440@f5 | |
| 管道柔性简化计算手册/郑茂鼎编著.-北京:化学工业出版社,2008.04 |
| 205页:图;26cm |
| ISBN 978-7-122-01885-4:CNY36.00 |
| 本手册介绍了管道工程设计中热胀位移(二次)应力的一种简化计算方法。将8种形式管道的力和应力的系数,编成大量的数表,读者通过简单公式即可计算管道的位移应力和端点的约束力。 |
| ● |
| 相关链接 |
|
|
|
正题名:管道柔性简化计算手册
索取号:U173/Z440
 
预约/预借
| 序号 | 登录号 | 条形码 | 馆藏地/架位号 | 状态 | 备注 |
| 1 | 998230 | 209982303 | 自科二线400A/400A自科库 32排3列3层/ [索取号:U173/Z440] | 在馆 | |
| 2 | 998231 | 209982312 | 自科二线400A/400A自科库 32排3列3层/ [索取号:U173/Z440] | 在馆 | |
| 3 | 998232 | 209982321 | 自科二线400A/400A自科库 32排3列3层/ [索取号:U173/Z440] | 在馆 | |
| 4 | 998233 | 209982330 | 自科二线400A/400A自科库 32排3列3层/ [索取号:U173/Z440] | 在馆 | |
| 5 | 998234 | 209982349 | 自科二线400A/400A自科库 32排1列4层/ [索取号:U173/Z440] | 在馆 |